Kymenlaakson maakunnan kuntien vaakunat - Statistics

Yleistilastot
  • Tätä visaa on pelattu 95 kertaa
  • Keskiarvotulos 12 / 17
Vastaustilastot
Kuvavisa Vastaus % Oikein
Kotka
100%
Kouvola (–2008)
97%
Kouvola (2009–)
97%
Hamina
93%
Pyhtää
86%
Miehikkälä
83%
Virolahti
83%
Anjala
69%
Kuusankoski
65%
Anjalankoski / Sippola
62%
Karhula
61%
Kymi
61%
Valkeala
61%
Elimäki
55%
Jaala
49%
Vehkalahti
44%
Haapasaari
35%
Ehtoja vastaavia visoja ei löytynyt
Tulosjakauma
Jokaisen tuloksen saaneiden osuus
Persentiili vastausten määrän mukaan
Tuloshistoriasi
Et ole pelannut tätä visaa